Casp+ practice tests / (Record no. 13452)
[ view plain ]
| 000 -LEADER | |
|---|---|
| fixed length control field | 00329nam a22001335i 4500 |
| 020 ## - INTERNATIONAL STANDARD BOOK NUMBER | |
| ISBN | 9781119683728 |
| 082 ## - DEWEY DECIMAL CLASSIFICATION NUMBER | |
| Classification number | 005.8 |
| 100 1# - MAIN ENTRY--AUTHOR NAME | |
| Personal name | Tanner, Nadean H, |
| 245 10 - TITLE STATEMENT | |
| Title | Casp+ practice tests / |
| Remainder of title | <br> |
| Statement of responsibility, etc | Nadean H Tanner. |
| 250 ## - EDITION STATEMENT | |
| Edition statement | 1st ed.. |
| 260 ## - PUBLICATION, DISTRIBUTION, ETC. (IMPRINT) | |
| Place of publication | Indiana |
| Name of publisher | John Wiley & Sons |
| Year of publication | 2018 |
| 300 ## - PHYSICAL DESCRIPTION | |
| Number of Pages | xxii, 366 pages |
| 942 ## - ADDED ENTRY ELEMENTS (KOHA) | |
| Koha item type | Books |
| Withdrawn status | Lost status | Collection code | Permanent Location | Current Location | Shelving location | Date acquired | Full call number | Accession Number | Koha item type |
|---|---|---|---|---|---|---|---|---|---|
| | | Computer Science | MAJU | MAJU | Shelf No.A32 | 2022-11-24 | 005.8 | 10550 | Books |